000 00952nam a22002057a 4500
003 OSt
005 20250911100053.0
008 240228b ||||| |||| 00| 0 eng d
040 _c0
082 _aDPer 621.317 Ie21 June 2022 v. 37 n. 6
100 _aLiang, Hui-Wen Rebecca.
_eauthor.
_953501
245 _aImprovement of lithium-ion battery charging from the state-of-the-art industrial JEITA guidelines to a hybrid temperature-regulated current control /
_cHui-Wen Rebecca Liang, Yun Yang, and Shu Yuen Ron Hui.
260 _aNew York ;
_bThe Institute of Electrical and Electronics Engineers, Inc. ,
_cJune 2022.
300 _aVolume 37, pages 6412-6423 :
_billustration ;
_c29 cm.
500 _aIEEE Transactions on Power Electronics, vol. 37, no. 6, pages 6412-6423, June 2022.
700 _aLiang, Hui-Wen Rebecca.
_eauthor.
_953501
700 _aYang, Yun.
_eauthor.
_953502
700 _aHui, Shu Yuen Ron.
_eauthor.
_953503
942 _2ddc
_cPER
999 _c19397
_d19397